| 000 | 00541nam a22001817a 4500 | ||
|---|---|---|---|
| 003 | NUST - PNEC | ||
| 005 | 20170116180832.0 | ||
| 008 | 150801b xxu||||| |||| 00| 0 eng d | ||
| 020 | _a0072431938 | ||
| 020 | _a0070474370 | ||
| 040 | _cLIBRARY | ||
| 082 | _a519.402 CHA | ||
| 100 |
_94708 _aChapra, Steven C. |
||
| 245 |
_a Numerical methods for engineers : with software and programming applications _cSteven C. Chapra |
||
| 250 | _a4th ed | ||
| 650 |
_94710 _aNumerical calculations--Data processing _xME / MIS |
||
| 942 |
_2ddc _cBK |
||
| 999 |
_c64066 _d64066 |
||